Στη χώρα των έσχατων πραγμάτων

Αποθηκεύτηκε σε:
Λεπτομέρειες βιβλιογραφικής εγγραφής
Κύριος συγγραφέας: Auster, Paul, 1947-
Μορφή: Βιβλίο
Γλώσσα:Greek
English
Δημοσίευση: Αθήνα : Ζαχαρόπουλος, c1991.
Σειρά:Σύγχρονη λογοτεχνία (Ζαχαρόπουλος) 55
Θέματα:
Ετικέτες: Προσθήκη ετικέτας
Δεν υπάρχουν, Καταχωρήστε ετικέτα πρώτοι!

MARC

LEADER 00000cam a2200000 i 4500
001 1/19928
008 120528s1991 gr | ||| |||| ||gre||
020 |a 9602082429 
035 |l 10112607 
040 |a GR-MyUa  |b gre  |e AACR2 
041 1 |a gre  |h eng 
082 7 |a 813   |2 (22) 
100 1 |a Auster, Paul,   |d 1947- 
245 1 0 |a Στη χώρα των έσχατων πραγμάτων /   |c Πολ Όστερ ; μετάφραση Άρης Σφακιανάκης.  
260 |a Αθήνα :   |b Ζαχαρόπουλος,   |c c1991.  
300 |a 195 σ. ;   |c 17 εκ. 
490 1 |a (Σύγχρονη λογοτεχνία / Ζαχαρόπουλος ;   |v 55) 
500 |a Τίτλος πρωτοτύπου: In the country of last things.  
650 0 |a American fiction. 
830 0 |a Σύγχρονη λογοτεχνία (Ζαχαρόπουλος)  |v 55 
852 |a INST  |b SYROS  |e 20120528  |h 813 AUS  |p 005500010054  |q 005500010054  |t BK  |y 0 
901 |a BIBL5-2012-1 
970 |a Τσουκαλά  |b Αλίκη  |z 28/05/2012